| 000 | 00871nam a2200229 i 4500 | ||
|---|---|---|---|
| 001 | 21558 | ||
| 003 | ES-MaACL | ||
| 005 | 20230906152513.0 | ||
| 007 | t| | ||
| 008 | 021126s1884 sp f |||| | spa d | ||
| 245 | 0 | 0 |
_aÁlbum descriptivo del Ejército y de la Armada de España / _cpublicado por tres oficiales del Ejército. |
| 250 | _aEd. de gran lujo. | ||
| 260 |
_aMadrid : _bFortanet, _c1884. |
||
| 300 |
_a118 p., [6] p., [32] h. de lám. col. ; _c55 cm. |
||
| 530 | _aDisponible en formato digital. | ||
| 599 | _aLit. de J. M. Mateu. | ||
| 650 | 0 | 4 |
_aEjército- _zEspaña- _yS.XIX. _9166099 |
| 700 | 1 |
_aMateu, José María ( _ds. XIX) _9148712 |
|
| 710 | 2 |
_aLitografía de J. M. Mateu (Madrid) _9148713 |
|
| 852 |
_aES-MaACL _jB-6742 |
||
| 856 |
_uhttp://bibliotecavirtualdefensa.es/BVMDefensa/i18n/consulta/registro.cmd?id=4664 _zBiblioteca Virtual de Defensa |
||
| 999 |
_c21558 _d21558 |
||